| 000 | 00354nam a2200109Ia 4500 | ||
|---|---|---|---|
| 008 | 240129s9999 xx 000 0 und d | ||
| 100 | _aZADOO, MANISH | ||
| 245 | 0 | _aMICROTRIP FILTER DESIGN USING PERIODIC DEFFECTS IN MICROSTRIP CIRCUITS | |
| 260 |
_bMEWAR UNIVERSITY, CHITTORGARH _c2021 |
||
| 650 | _aElectronic & Communication Engineering | ||
| 942 | _cTHE | ||
| 999 |
_c218921 _d218921 |
||